OMORI - Sunny's Friends - Statistics

General Stats
  • This quiz has been taken 438 times
  • The average score is 5 of 5
Answer Stats
Answer % Correct
Kel
100%
Basil
99%
Hero
99%
Aubrey
98%
Mari
97%
No matching quizzes found
Score Distribution
Percent of People with Each Score
Percentile by Number Answered
Your Score History
You have not taken this quiz